000
00332nam a2200133Ia 4500
008
220216s9999 xx 000 0 und d
100
_a
George C M
245
0
_a
Bright prospects for plantation industry
260
_b
Rubber Asia
_c
1996
300
_a
25-28
650
_a
India
650
_a
Rubber Plantation industry
942
_c
JS
999
_c
54966
_d
54966